00874cam a2200229u 450000100060000000300080000600500170001400800410003103500190007204000330009104100080012408200180013210000550015024500540020526000580025930000750031750400190039265000640041194200120047599900170048795201400050425253BD-RjUL20211209050843.0140316s1928 enkbcfh 001 0beng d a(BD-RjUL)25322 aDLCcCarPdDLCdBD-RjULbeng aeng00a953bHOL 19281 aHogarth, D. G.q(David George),d1862-1927.97653814aThe life of Charles M. Doughty /c D. G. Hogarth, aLondon :bOxford university press, H. Milford,c1928. aviii ,216 p. :b front., plates, ports., fold. map, facsims. ;c27 cm. aIncludes Index 0aAdventure and adventurerszGreat BritainvBiography.977672 2ddccBK c25253d25253 00102ddc40728NFICaRUCLbRUCLcReadingd1966-09-26eQ.I . Qurashig14.40l0o953 HOL 1928r2014-03-16 00:00:00tC-1w2014-03-16yBK